00350nam a2200133Ia 450000500170000000800410001702000150005808200130007310000150008624500340010126000380013530000120017350000310018520250624032913.0240331s9999 xx 000 0 und d a9559513625 bDECa340 aDe Costa,J 0aAparadha neethiye muuladharma aColombobJayatissa De Costac1994 a23 p ., aPrinciples of Criminal Law